Normal view
MARC view
- Pronóstico de la economía
Entry Materia
001 - NÚMERO DE CONTROL DEL REGISTRO
- campo de control: 2533
003 - IDENTIFICADOR DE NUMERO DE CONTROL
- campo de control: UPN
005 - FECHA Y HORA DE LA ÚLTIMA TRANSACCIÓN
- campo de control: 20221202115601.0
008 - DATOS DE LONGITUD FIJA
- campo de control de longitud fija: 221202n||acnnnbabn a ana |d
035 ## - NÚMERO DE CONTROL DEL SISTEMA
- Número de control del sistema: UPN10000002533
040 ## - FUENTE DE LA CATALOGACIÓN
- Centro catalogador de origen: UPN
- Lengua de catalogación: spa
- Agencia de transcripción: UPN
046 ## - FECHAS CON CODIFICACIÓN ESPECIAL
- Fecha final para contenidos agregados: 2022
150 ## - ENCABEZAMIENTO - TEMÁTICO
- Término de materia o nombre geográfico como elemento inicial: Pronóstico de la economía
450 ## - VÉASE - MATERIA
- Encabezamiento temático: Economía
- Subdivisión temática general: Pronósticos
450 ## - VÉASE - MATERIA
- Encabezamiento temático: Pronósticos económicos
450 ## - VÉASE - MATERIA
- Encabezamiento temático: Previsión económica
670 ## - FUENTE EN LA QUE SE LOCALIZARON DATOS
- Cita de la fuente: LC
- Información localizada: Economic forecasting
902 ## - CATALOGADOR
- Catalogador: MEEG/130206
